00442nmm a2200157Ia 4500008004100000020001800041041000800059100002600067245002800093264004800121300001800169650002200187856005100209942000700260999001700267251105s9999||||xx |||||||||||||||||und|| a9781659975840 aspa aSierra i Fabra, Jordi 0aLos perros de la lluvia a[Madrid, España] :bEditorial SiF, c2020 a274 páginas aSpanish narrative uhttps://public.digitaliapublishing.com/a/98485 cCF c75321d75321